<?xml version="1.0" encoding="UTF-8"?>
<record
    xmlns:xsi="http://www.w3.org/2001/XMLSchema-instance"
    xsi:schemaLocation="http://www.loc.gov/MARC21/slim http://www.loc.gov/standards/marcxml/schema/MARC21slim.xsd"
    xmlns="http://www.loc.gov/MARC21/slim">

  <leader>02909cam a22004454a 4500</leader>
  <controlfield tag="001">15469497</controlfield>
  <controlfield tag="005">20090313151849.0</controlfield>
  <controlfield tag="008">080926s2009    maua     b    001 0 eng  </controlfield>
  <datafield tag="010" ind1=" " ind2=" ">
    <subfield code="a">  2008042656</subfield>
  </datafield>
  <datafield tag="016" ind1="7" ind2=" ">
    <subfield code="a">101485428</subfield>
    <subfield code="2">DNLM</subfield>
  </datafield>
  <datafield tag="020" ind1=" " ind2=" ">
    <subfield code="a">9780763751265 (hbk. : alk. paper)</subfield>
  </datafield>
  <datafield tag="020" ind1=" " ind2=" ">
    <subfield code="a">076375126X (hbk. : alk. paper)</subfield>
  </datafield>
  <datafield tag="035" ind1=" " ind2=" ">
    <subfield code="a">(OCoLC)259902106</subfield>
    <subfield code="z">(OCoLC)244056960</subfield>
  </datafield>
  <datafield tag="035" ind1=" " ind2=" ">
    <subfield code="a">(OCoLC)ocn259902106</subfield>
  </datafield>
  <datafield tag="040" ind1=" " ind2=" ">
    <subfield code="a">DNLM/DLC</subfield>
    <subfield code="c">DLC</subfield>
    <subfield code="d">BTCTA</subfield>
    <subfield code="d">BAKER</subfield>
    <subfield code="d">YDXCP</subfield>
    <subfield code="d">NLM</subfield>
    <subfield code="d">C#P</subfield>
    <subfield code="d">CDX</subfield>
    <subfield code="d">DLC</subfield>
  </datafield>
  <datafield tag="042" ind1=" " ind2=" ">
    <subfield code="a">pcc</subfield>
  </datafield>
  <datafield tag="050" ind1="0" ind2="0">
    <subfield code="a">RC108</subfield>
    <subfield code="b">.L83 2009</subfield>
  </datafield>
  <datafield tag="060" ind1="0" ind2="0">
    <subfield code="a">2009 C-090</subfield>
  </datafield>
  <datafield tag="060" ind1="1" ind2="0">
    <subfield code="a">WT 500</subfield>
    <subfield code="b">C5577 2009</subfield>
  </datafield>
  <datafield tag="082" ind1="0" ind2="0">
    <subfield code="a">616.044</subfield>
    <subfield code="2">22</subfield>
    <subfield code="b">CHR</subfield>
  </datafield>
  <datafield tag="245" ind1="0" ind2="0">
    <subfield code="a">Chronic illness :</subfield>
    <subfield code="b">impact and intervention /</subfield>
    <subfield code="c">[edited by] Pamala D. Larsen, Ilene Morof Lubkin.</subfield>
  </datafield>
  <datafield tag="250" ind1=" " ind2=" ">
    <subfield code="a">7th ed.</subfield>
  </datafield>
  <datafield tag="260" ind1=" " ind2=" ">
    <subfield code="a">Sudbury, Mass. :</subfield>
    <subfield code="b">Jones and Bartlett Publishers,</subfield>
    <subfield code="c">c2009.</subfield>
  </datafield>
  <datafield tag="300" ind1=" " ind2=" ">
    <subfield code="a">xvii, 634 p. :</subfield>
    <subfield code="b">ill. ;</subfield>
    <subfield code="c">24 cm.</subfield>
  </datafield>
  <datafield tag="500" ind1=" " ind2=" ">
    <subfield code="a">Includes Index.</subfield>
  </datafield>
  <datafield tag="504" ind1=" " ind2=" ">
    <subfield code="a">Includes bibliographical references and index.</subfield>
  </datafield>
  <datafield tag="505" ind1="0" ind2=" ">
    <subfield code="a">Chronicity / Pamala D. Larsen -- Illness behavior / Pamala D. Larsen -- Stigma / Diane L. Stuenkel and Vivian K. Wong -- Adaptation / Pamala D. Larsen and Faye I. Hummel -- Social isolation / Diana Luskin Biordi and Nicholas R. Nicholson -- Body image / Diana Luskin Biordi -- Quality of life / Victoria Schirm -- Adherence / Jill Berg ... [et al.] -- Family caregiving / Linda L. Pierce and Barbara J. Lutz -- Sexuality / Margaret Chamberlain Wilmoth -- Powerlessness / Faye I. Hummel -- Culture / Pamala D. Larsen and Sonya R. Hardin -- Self care / Judith E. Hertz -- Client and family education / Elaine T. Miller -- Health promotion / Alicia Huckstadt -- The role of the advanced practice nurse in chronic illness / Lisa L. Onega -- Symptom management / Linda L. Steele and James R. Steele -- Alternative, complementary, and integrative therapies / Lisa L. Onega -- Models of care / Pamala D. Larsen -- Home health care / Cynthia S. Jacelon -- Long-term care / Kristen L. Mauk and Susan J. Barnes -- Palliative care / Barbara M. Raudonis -- Policy and politics / Betty Smith-Campbell -- Rehabilitation / Kristen L. Mauk.</subfield>
  </datafield>
  <datafield tag="650" ind1=" " ind2="0">
    <subfield code="a">Chronic diseases</subfield>
    <subfield code="x">Psychological aspects.</subfield>
    <subfield code="9">12229</subfield>
  </datafield>
  <datafield tag="650" ind1=" " ind2="0">
    <subfield code="a">Chronic diseases</subfield>
    <subfield code="x">Nursing.</subfield>
    <subfield code="9">12230</subfield>
  </datafield>
  <datafield tag="650" ind1=" " ind2="0">
    <subfield code="a">Chronically ill</subfield>
    <subfield code="x">Family relationships.</subfield>
    <subfield code="9">12231</subfield>
  </datafield>
  <datafield tag="650" ind1=" " ind2="0">
    <subfield code="a">Nurse and patient.</subfield>
    <subfield code="9">12232</subfield>
  </datafield>
  <datafield tag="650" ind1="1" ind2="2">
    <subfield code="a">Chronic Disease</subfield>
    <subfield code="x">psychology.</subfield>
    <subfield code="9">12233</subfield>
  </datafield>
  <datafield tag="650" ind1="2" ind2="2">
    <subfield code="a">Professional-Family Relations.</subfield>
    <subfield code="9">12234</subfield>
  </datafield>
  <datafield tag="650" ind1="2" ind2="2">
    <subfield code="a">Professional-Patient Relations.</subfield>
    <subfield code="9">12235</subfield>
  </datafield>
  <datafield tag="700" ind1="1" ind2=" ">
    <subfield code="a">Larsen, Pamala D.,</subfield>
    <subfield code="d">1958-</subfield>
    <subfield code="9">12236</subfield>
  </datafield>
  <datafield tag="700" ind1="1" ind2=" ">
    <subfield code="a">Lubkin, Ilene Morof,</subfield>
    <subfield code="d">1928-</subfield>
    <subfield code="9">12237</subfield>
  </datafield>
  <datafield tag="942" ind1=" " ind2=" ">
    <subfield code="2">ddc</subfield>
    <subfield code="c">BB</subfield>
  </datafield>
  <datafield tag="999" ind1=" " ind2=" ">
    <subfield code="c">13579</subfield>
    <subfield code="d">13579</subfield>
  </datafield>
  <datafield tag="952" ind1=" " ind2=" ">
    <subfield code="0">0</subfield>
    <subfield code="1">0</subfield>
    <subfield code="2">ddc</subfield>
    <subfield code="4">0</subfield>
    <subfield code="7">0</subfield>
    <subfield code="8"> </subfield>
    <subfield code="a">MAIN</subfield>
    <subfield code="b">MAIN</subfield>
    <subfield code="c">1ST</subfield>
    <subfield code="d">2010-03-04</subfield>
    <subfield code="e">purchase</subfield>
    <subfield code="g">276.00</subfield>
    <subfield code="h">3698</subfield>
    <subfield code="l">21</subfield>
    <subfield code="m">17</subfield>
    <subfield code="o">616.044 CHR</subfield>
    <subfield code="p">000019833</subfield>
    <subfield code="r">2025-07-15 00:00:00</subfield>
    <subfield code="s">2016-09-25</subfield>
    <subfield code="y">BB</subfield>
  </datafield>
</record>
